Dangerous Drugs Act 1952 (Act 234) & Drug Dependants (Treatment and Rehabilitation) Act 1983 (Act 283) & Regulations & Rules : (Record no. 1229)

000 -LEADER
fixed length control field nam a22 a 4500
003 - CONTROL NUMBER IDENTIFIER
control field AKMAL
005 - DATE AND TIME OF LATEST TRANSACTION
control field 20170508161936.0
008 - FIXED-LENGTH DATA ELEMENTS--GENERAL INFORMATION
fixed length control field 170508s2004 my | e l 000 0 eng d
020 ## - INTERNATIONAL STANDARD BOOK NUMBER
International Standard Book Number 9678915618 (pbk.) :
Terms of availability RM19.50
082 04 - DEWEY DECIMAL CLASSIFICATION NUMBER
Classification number 345.5950277 DAD
Edition number 22
090 00 - LOCALLY ASSIGNED LC-TYPE CALL NUMBER (OCLC); LOCAL CALL NUMBER (RLIN)
Classification number (OCLC) (R) ; Classification number, CALL (RLIN) (NR) 345.5950277
Local cutter number (OCLC) ; Book number/undivided call number, CALL (RLIN) DAD
110 1# - MAIN ENTRY--CORPORATE NAME
Corporate name or jurisdiction name as entry element Malaysia
9 (RLIN) 400
240 10 - UNIFORM TITLE
Uniform title Akta Dadah Berbahaya, 1952.
Language of a work English
245 10 - TITLE STATEMENT
Title Dangerous Drugs Act 1952 (Act 234) & Drug Dependants (Treatment and Rehabilitation) Act 1983 (Act 283) & Regulations & Rules :
Remainder of title (as at 20th December 2004) /
Statement of responsibility, etc. compiled by Legal Research Board
260 ## - PUBLICATION, DISTRIBUTION, ETC.
Place of publication, distribution, etc. Petaling Jaya :
Name of publisher, distributor, etc. International Law Book Services,
Date of publication, distribution, etc. 2004
300 ## - PHYSICAL DESCRIPTION
Extent i, 178p. ;
Dimensions 24cm.
650 10 - SUBJECT ADDED ENTRY--TOPICAL TERM
Topical term or geographic name entry element Drugs
General subdivision Law and legislation
Geographic subdivision Malaysia
9 (RLIN) 2109
650 20 - SUBJECT ADDED ENTRY--TOPICAL TERM
Topical term or geographic name entry element Drug abuse
General subdivision Treatment
Geographic subdivision Malaysia
9 (RLIN) 2455
710 1# - ADDED ENTRY--CORPORATE NAME
Corporate name or jurisdiction name as entry element Malaysia.
Title of a work Akta Penagih Dadah (Rawatan dan Pemulihan) 1983
9 (RLIN) 2456
710 2# - ADDED ENTRY--CORPORATE NAME
Corporate name or jurisdiction name as entry element Lembaga Penyelidikan Undang-Undang
9 (RLIN) 2457
942 ## - ADDED ENTRY ELEMENTS (KOHA)
Source of classification or shelving scheme
Koha item type Book
Holdings
Withdrawn status Lost status Source of classification or shelving scheme Damaged status Not for loan Collection code Home library Current library Shelving location Date acquired Inventory number Full call number Barcode Date last seen Price effective from Koha item type Public note Total Checkouts
          NON-FICTION AKMAL Melaka AKMAL Melaka PINJAMAN 08.05.2017 304104 345.5950277 DAD 201702349 08.05.2017 08.05.2017 Book Dilupuskan. No. Fail. ARKIBMLK.600-6/9/1 Jld.7 (54)  
          NON-FICTION AKMAL Melaka AKMAL Melaka PINJAMAN 08.05.2017 304103 345.5950277 DAD 201702348 08.05.2017 08.05.2017 Book    
Pusat Sumber Maklumat Dato' Haji Sarmin Md Hussin, Akademi Kastam Diraja Malaysia, Melaka
Tel: 06-2331106 | Faks: 06-2313787